000
00218nam a22000857a 4500
082
_a
623.451 HEN'S
245
_a
THE STUDY OF ROCKET MISSILES AND SPACE MADE SIMPLE
260
_a
LONDON
_b
TECHNICAL WING
_c
1960
942
_c
BK
999
_c
569019
_d
569019